Flora nativa de valor ornamental: identificación y propagación. Chile zona sur y austral

Saved in:
Bibliografiske detaljer
Hovedforfatter: Riedemann Moellinghoff, María Paulina
Andre forfattere: Aldunate Noel, Gustavo Eduardo
Format: Bog
Sprog:spansk
Udgivet: Santiago Ojo Largo 2011
Udgivelse:Segunda edición
Fag:
Tags: Tilføj Tag
Ingen Tags, Vær først til at tagge denne postø!

MARC

LEADER 00000cam a2200000 a 4500
001 UCC5541
003 CL-VaPUC
005 20211104074313.0
008 181012e20110000cl |||||||||||||||||spa|d
999 |c 372733  |d 372731 
020 |a 9789563456301 
040 |c Pontificia Universidad Católica de Valparaíso 
082 0 4 |a 581.983 RIE 2011  |2 21 
100 0 |a Riedemann Moellinghoff, María Paulina  |9 599862 
245 1 0 |a Flora nativa de valor ornamental: identificación y propagación. Chile zona sur y austral 
250 |a Segunda edición 
260 |a Santiago  |b Ojo Largo  |c 2011 
300 |a 526 páginas 
583 |a last modification  |c 20181012 13:26:00  |k Rodrigo Vera 
650 0 |a Flora chilena  |9 416577 
650 0 |a Plantas bulbosas  |9 413201 
650 7 |a PLANTAS TREPADORAS  |2 CL-VaPUC  |9 599864 
650 0 |a Plantas ornamentales  |9 345450 
700 0 |a Aldunate Noel, Gustavo Eduardo  |9 599863 
942 |c BK  |2 ddc 
945 |d 20181012 13:26:00  |a dcastane 
952 |0 0  |1 0  |2 ddc  |3 erb  |4 0  |6 581_983000000000000_RIE_2011  |7 0  |8 A  |9 490519  |a BIBCUR  |b BIBCUR  |i 5506522  |l 1  |o 581.983 RIE 2011  |p 5506522  |r 2025-04-22  |s 2023-03-16  |t 1  |w 2019-11-24  |y BK  |z Catalogado en:20181012  |k BIO 
952 |0 0  |1 0  |2 ddc  |3 erb  |4 0  |6 581_983000000000000_RIE_2011  |7 0  |8 A  |9 490520  |a BIBCUR  |b BIBCUR  |i 5506549  |l 3  |o 581.983 RIE 2011  |p 5506549  |r 2025-04-22  |s 2023-04-12  |t 2  |w 2019-11-24  |y BK  |z Catalogado en:20181012  |k BIO 
952 |0 0  |1 0  |2 ddc  |3 erb  |4 0  |6 581_983000000000000_RIE_2011  |7 0  |8 A  |9 490521  |a BIBAGR  |b BIBAGR  |i 5506530  |l 10  |m 1  |o 581.983 RIE 2011  |p 5506530  |r 2025-01-20  |s 2023-11-15  |t 3  |w 2019-11-24  |y BK  |z Catalogado en:20181012  |k BIO